Politika je tovar, aj keď sa to niekomu nepáči

Komerčný a politický marketing vyznávajú rovnaké princípy. Tak, ako sa nesmie klamať o tovare, tak sa nemá klamať ani o politike. Predvolebná kampaň určitej politickej strany môže mať dobrú stratégiu, ale zlou komunikáciou sa znehodnotí. Aj v politickom marketingu platia etické normy. Predvolebné ka...

Descrizione completa

Salvato in:
Dettagli Bibliografici
Autore principale: Hlubina, Palo
Altri autori: Kováč, Pavel, Žitňanský, Eduard
Natura: Capitolo di libro
Lingua:slovacco
Soggetti:
Tags: Aggiungi Tag
Nessun Tag, puoi essere il primo ad aggiungerne!!

MARC

LEADER 00000naa$a2200000$$$4500
001 0115626
005 20231009103039.4
041 0 |a slo 
044 |a SK 
245 1 0 |a Politika je tovar, aj keď sa to niekomu nepáči  |c Palo Hlubina, Pavel Kováč, Eduard Žitňanský 
520 |a Komerčný a politický marketing vyznávajú rovnaké princípy. Tak, ako sa nesmie klamať o tovare, tak sa nemá klamať ani o politike. Predvolebná kampaň určitej politickej strany môže mať dobrú stratégiu, ale zlou komunikáciou sa znehodnotí. Aj v politickom marketingu platia etické normy. Predvolebné kampane niektorých politických strán počas parlamentných volieb. Agresívna negatívna kampaň. Strana ako značka. Fantómové kampane, ktorých účel je nejasný, či zahmlený. 
610 2 0 |a politika 
610 2 0 |a strany politické 
610 2 0 |a voľby 
610 2 0 |a marketing 
610 2 0 |a etika 
610 2 0 |a Slovensko 
100 1 |a Hlubina, Palo 
700 1 |a Kováč, Pavel 
700 1 |a Žitňanský, Eduard